Mevlana Celaleddin-i Rumi : (Kayıt no. 10128)

MARC ayrıntıları
000 -BAŞLIK
Sabit Uzunluktaki Kontrol Alanı 00610nam a22001937a 4500
003 - KONTROL NUMARASI KİMLİĞİ
Kontrol Alanı KOHA_MİRAKIL
005 - EN SON İŞLEM TARİHİ ve ZAMANI
Kontrol Alanı 20260331123642.0
008 - SABİT UZUNLUKTAKİ VERİ ÖGELERİ - GENEL BİLGİ
Sabit Alan 260331b tu ||||| |||| 00| 0 tur d
020 ## - ISBN - ULUSLARARASI STANDART KİTAP NUMARASI
Isbn 9786050000023
040 ## - KATALOGLAMA KAYNAĞI
Özgün Kataloglama Kurumu TR-AnABB
Kataloglama Dili tur
Çeviri Kurumu TR-AnABB
041 ## - DİL KODU
Metin ya da ses kaydının dil kodu tur
082 ## - DEWEY ONU SINIFLAMA SİSTEMİ
Sınıflama Numarası 819.1
Cutter numarası MEV 2010
245 00 - ESER ADI BİLDİRİMİ
Başlık Mevlana Celaleddin-i Rumi :
Alt Eseradı vb. Bütün eserleri seçmeler /
Sorumluluk Bildirimi hazırlayan Yakup Şafak
260 ## - YAYIN, DAĞITIM, VB.
Yayın Yeri Konya :
Yayınevi Konya büyükşehir belediyesi yayınları,
Yayın Tarihi 2010
300 ## - FİZİKSEL TANIMLAMA
Sayfa, Cilt vb. 626 sayfa ;
Boyutları 20 cm
650 04 - KONU BAŞLIĞI EK GİRİŞ - KONU TERİMİ
Konusal terim veya coğrafi ad Divan edebiyatı
700 1# - EK GİRİŞ - KİŞİ ADI
Yazar Adı (Kişi adı) Şafak, Yakup,
İlişkili Terim hazırlayan
9 (RLIN) 3268
942 ## - EK GİRİŞ ÖGELERİ (KOHA)
Sınıflama Kaynağı Dewey Decimal Classification
Materyal Türü Kitap
900 ## - YEREL BİLGİ
Kontrol Cem ÖZOGLU
Mevcut
Geri Çekilme Durumu Kayıp Durumu Sınıflandırma Kaynağı Kredi için değil Kalıcı Konum Mevcut Konum Kayıt Tarih Toplam Ödünçverme Yer Numarası Demirbaş Numarası Son Görülme Tarihi Fatura Tarihi Materyal Türü
    Dewey Decimal Classification   Prof. Dr. Ruşen Keleş Kütüphanesi Prof. Dr. Ruşen Keleş Kütüphanesi 31/03/2026   819.1 MEV 2010 RK1145 31/03/2026 31/03/2026 Kitap